Arizona Cardinals 24-25 Roster - Statistics

General Stats
  • This quiz has been taken 93 times
  • The average score is 23 of 62
Answer Stats
Position Player % Correct
QB Kyler Murray
100%
WR Marvin Harrison Jr
100%
RB James Conner
93%
TE Trey McBride
88%
FS Budda Baker
83%
WR Michael Wilson
82%
ROLB Mack Wilson Sr
75%
RB Trey Benson
75%
WR Greg Dortch
70%
QB Clayton Tune
63%
LT Paris Johnson Jr
63%
WR Zay Jones
60%
RE Justin Jones
55%
K Matt Prater
55%
LT Christian Jones
53%
CB Elijah Jones
53%
RB Emari Demercado
52%
HC Jonathan Gannon
52%
SS Jalen Thompson
48%
TE Elijah Higgins
47%
LE Zaven Collins
42%
RT Jonah Williams
40%
TE Tip Reiman
40%
LG Evan Brown
38%
CB Garrett Williams
38%
CB Max Melton
38%
CB Sean Murphy-Bunting
38%
C Hjalte Froholdt
37%
MLB Kyzir White
37%
RG Will Hernandez
33%
RE Darius Robinson
32%
RT Kelvin Beachum
32%
LOLB Dennis Gardeck
30%
CB Starling Thomas V
30%
P Blake Gillikin
28%
SS Dadrion Taylor-Demerson
27%
WR Xavier Weaver
27%
LOLB Xavier Thomas
25%
DT Roy Lopez
23%
DT Bilal Nichols
22%
LE BJ Ojulari
22%
LG Isaiah Adams
22%
WR Zach Pascal
22%
RB DeeJay Dallas
20%
ROLB Owen Pappoe
20%
DT L.J. Collier
18%
RE Dante Stills
17%
CB Kei'Trel Clark
17%
MLB Krys Barnes
15%
C Jon Gaines II
13%
TE Travis Vokolek
13%
WR Chris Moore
12%
FS Joey Blount
12%
RG Trystan Colon
10%
CB Darren Hall
8%
LOLB Jesse Luketa
8%
LE Victor Dimukeje
8%
DT Khyiris Tonga
7%
RT Charlie Heck
5%
LOLB Julian Okwara
5%
RG Carter O'Donnell
3%
LT Jackson Barton
3%
No matching quizzes found
Score Distribution
Percent of People with Each Score
Percentile by Number Answered
Your Score History
You have not taken this quiz